000
00415nam a22001697a 4500
003
MPLRDC
005
20220104125711.0
008
210129b ||||| |||| 00| 0 eng d
082
_a
857.2 HD
100
_a
何典
245
_a
何典. 斩鬼传. 平鬼传
_c
260
_a
_b
文化图书公司
_c
300
_b
精
490
_a
中国古典文学
650
_a
小说--笔记; 异闻
942
_c
BK
_o
857.2 HD
999
_c
29444
_d
29434